| 000 | 00530nam a2200169 i 4500 | ||
|---|---|---|---|
| 001 | 33575 | ||
| 003 | ES-MaACL | ||
| 005 | 20230906154800.0 | ||
| 007 | t| | ||
| 008 | 030202s1971 sp ||||1| spa d | ||
| 130 | 0 |
_aBiblia. _pN.T. _pEvangelios. _lEspañol. _9119305 |
|
| 245 | 1 | 0 |
_aHistoria de Jesucristo / _cedición preparada por Federico Delclaux. |
| 260 |
_aMadrid : _bRialp, _c[1971] |
||
| 300 |
_a316 p., 1 lám. : _bil., 6 map. ; _c28 cm. |
||
| 700 | 1 |
_aDelclaux, Federico. _943352 |
|
| 852 |
_aES-MaACL _jC-43304 _bR.80275 |
||
| 999 |
_c33575 _d33575 |
||